00421pab a2200145 454500008004000000100001800040245006800058260000900126300001500135362001100150650002800161650003000189650002200219773003400241180718b2006 xxu||||| |||| 00| 0 eng d aNachane, D.M. aApproach paper to the Eleventh Five Year Plan: a secptical note c2006 ap.3141-143 a22 Jul aEleventh Five Year Plan aEconomic planning - India aEconomic planning aEconomic and Political Weekly